00266pab a2200085 454500008003600000100001700036245004500053650005300098773002900151180718b xxu||||| |||| 00| 0 eng d aMtewa, Mekki aSouth south cooperation: the next decade aSouth Asian Association for Regional Cooperation aPolitical Science Review